00433 a2200145 4500003000500000005001700005040000900022082001500031100001600046245004100062260003300103300001300136505011400149650002400263NUST20221209143110.0 cNust a297.55,ABD aAbdur, Rauf aHajj & Umrah Guide /cDr Abdur Rauf aKarachibFerozsons Ltdc1995 a230:p .: aPart-1: A Comprehensive guide to Hajj and Umrah (Page-1) Part-2: Everyday Arabic for all Pilgrims (Page-169). aHajj & Umrah Guide